| 000 | 00858aam a2200277 a 4500 | ||
|---|---|---|---|
| 001 | 014583638 | ||
| 003 | OSt | ||
| 005 | 20150531114349.0 | ||
| 008 | 080626s2008 enka frbd 001 0 eng d | ||
| 020 | _a9780273710080 | ||
| 040 |
_aStDuBDS _beng _cStDuBDS _dUk _dEG-ScBUE |
||
| 082 | 0 | 4 |
_a658.3 _bROS _222 |
| 100 | 1 |
_aRose, Ed _q(Edward), _d1946- _934908 |
|
| 245 | 1 | 0 |
_aEmployment relations / _cEd Rose. |
| 250 | _a3rd ed. | ||
| 260 |
_aHarlow : _bFinancial Times Prentice Hall / Pearson Education Limited, _c2008. |
||
| 300 |
_axx, 713 p. : _bill. ; _c25 cm. |
||
| 500 | _aIndex : p. 702-713. | ||
| 500 | _aGlossary : p. 698-701. | ||
| 504 | _aIncludes bibliographical references. | ||
| 650 | 0 |
_aIndustrial relations _2BUEsh _934909 |
|
| 651 | _2BUEsh | ||
| 653 |
_bBUSADM _cJanuary2014 _cMay2015 |
||
| 655 |
_vtext book _933728 |
||
| 942 |
_2ddc _k658.3 ROS |
||
| 999 |
_c17954 _d17926 |
||